000 00230nam a22000857a 4500
008 161201b xxu||||| |||| 00| 0 eng d
100 _91681
_aNavdeep Publications
245 _aGeneral knowledge & I.Q Test
260 _aNew Delhi
_bNavdeep
999 _c4392
_d4392